Novi Ecclesiastico - Scholastici Annales Evangelicorum August. Et Helveticae Confessionis In Ditionibus Domus Austriacae Hareditariis. Tertii Cursus Annui Tomus Posteriro.

Bibliographic Details
Other Authors: Sulcer, Ján František, asi 1753-1825 (Printer), Ambrozi, Samuel, 1748-1806 (Editor)
Format: Book
Language:Latin
PhysicalDescription:168 strán, 1 nečíslovný list 8° 20 × 12 cm
Subjects:

MARC

LEADER 00000nam a2200000 4500
001 vtls012290245
003 SK-MaSNL
005 20260302030313.0
008 260122s1795 xo f 000 0 lat
040 |a SNKHF  |b slo  |c SNK  |e rda 
041 0 |a lat 
044 |a xo  |c SK 
072 7 |a 37  |x Výchova a vzdelávanie  |2 konspekt 
080 |a 373/378.018.56  |2 2011 
080 |a 37.018.56  |2 2011 
080 |a (058)  |2 2011 
130 0 |a Novi  |9 448752 
245 1 0 |a Novi Ecclesiastico - Scholastici Annales Evangelicorum August. Et Helveticae Confessionis In Ditionibus Domus Austriacae Hareditariis. Tertii Cursus Annui  |n Tomus Posteriro.  |c Edidit Samuel Ambrosius, Sacrorum Evangelicorum Radvanii Minister Dioeceseos Zoliensis Notarius, & ill. Societatis Latinae Jenensis Sodalis 
246 3 8 |a Novi Eccles. Et Scholast. Annales Evangelicorum Aug. Et Helu. Conf. In Austr. Monarchia A. MDCCXCV.  |n Curs. III. Tom. Posterior. 
264 3 |a Schemniczii,  |b Characteribus Francisci Ioan. Sulzer, reg. priu. Typographi.  |c MDCCXCIV (1795) 
300 |a 168 strán, 1 nečíslovný list  |c 8°  |c 20 × 12 cm 
336 |a text  |b txt  |2 rdacontent 
337 |a bez média  |b n  |2 rdamedia 
338 |a zväzok  |b nc  |2 rdacarrier 
500 |a Vinety, vlysy, linky 
504 |a Poznámky pod čiarou, kustody 
508 |a Predslov 
510 4 |a WorldCat  |c 1015012307 
546 |a Latinčina  |b Antikva  |b Kurzíva 
561 |a Proveniencia: Pečiatka Dr. E. Kadarász-vernot Poz Margity Zayovej.  |5 SNK SD 94027/2 
563 |a Väzba: vyblednutá svetlo-žltá papierová lepenková obálka.  |5 SNK SD 94027/2 
610 2 7 |a Evanjelická cirkev a.v.  |2 SNKKA  |9 32425 
650 0 7 |a evanjelické školy  |2 SNKPH  |9 266613 
650 0 7 |a cirkevné školy  |2 SNKPH  |9 4074 
650 0 7 |a protestantské cirkvi  |2 SNKPH  |9 97919 
700 1 |a Zaiová, Margita,  |d 1868-1937  |4 fmo  |5 SNK SD 94027/2  |9 186369 
700 1 |a Sulcer, Ján František,  |d asi 1753-1825  |4 prt  |9 206775 
700 1 |a Ambrozi, Samuel,  |d 1748-1806  |4 edt  |9 47971 
752 |a Slovensko  |d Kremnica 
852 |a Slovenská národná knižnica  |b Zaiova knižnica: Zay 13 160 (Z 15 279)  |p SD 94027/2 
958 |a DD 
958 |a ONDV 
999 |c 1046830  |d 1048760 
952 |t Zay 13 160 (Z 15 279)  |a SNK  |b SNK  |c SNK_HF  |y PREZ  |7 0  |p 17A1569654  |o snkSD 94027/2  |i snk2026/1108  |8 5  |0 0  |1 0  |4 0  |d 2026-01-22  |l 0  |r 2026-02-24 14:43:18  |w 2026-02-24